| 000 | 00471nam a22001217a 4500 | ||
|---|---|---|---|
| 082 | _a220 PRO | ||
| 100 |
_aNS Muhammad Fahad Khan NS Mohammad Ahmad NS Uzair Akmel _973119 |
||
| 245 | _aPR-SOF-1953-Characterization and Mathematical Modelling of Alpha-Alumina Based Porous, Ceramic Composite Membranes | ||
| 260 |
_aISLAMABAD _bNUST COLLEGE OF EME _c2020 |
||
| 650 | _aDE-COMP-38 | ||
| 700 |
_aProject Supervisor Dr. Faisal Ahmed Muhammad Umair Akhtar _973120 |
||
| 942 | _cCR | ||
| 999 |
_c578977 _d578977 |
||